000 00681nam a2200265Ia 4500
005 20260121170723.0
008 008 260114s9999 xx 000 0 eng d
020 _a9783319945590
037 _aEBOOK
040 _aCRL
040 _beng
040 _cCRL
041 _2eng
041 _aeng
084 _qCRL
100 _aStéphanie Ponsavady
_91067332
245 0 _aCultural and Literary Representations of the Automobile in French Indochina
260 _bSpringer
260 _bSpringer
260 _c2018
856 _uhttps://link.springer.com/openurl?genre=book&isbn=978-3-319-94559-0
942 _cEBOOK
999 _c1633062
_d1633062